Las Huelgas en Barcelona y sus resultados durante el año 1906, acompañado de numerosos é importantes datos estadísticos sobre otros asuntos relacionados con la cuestión social obrera en Barcelona / por Miguel Sastre
Descripción Física:
153 p. ; 23 cm
Materias:
Vagues i locauts -- Barcelona -- 1906
MARC
| LEADER | 00000nam a2200000Ia 4500 | ||
|---|---|---|---|
| 001 | 11625 | ||
| 008 | 160829s1907 xx 000 0 cat d | ||
| 080 | |a M-2-107 | ||
| 100 | |a Sastre, Miguel |9 25365 | ||
| 245 | |a Las Huelgas en Barcelona y sus resultados durante el año 1906, acompañado de numerosos é importantes datos estadísticos sobre otros asuntos relacionados con la cuestión social obrera en Barcelona / por Miguel Sastre | ||
| 260 | |a Barcelona : |b (Est. Tip. La Hormiga de Oro), |c 1907 | ||
| 300 | |a 153 p. ; |c 23 cm | ||
| 590 | |a A la portada: 'Cuarto año' | ||
| 650 | |a Vagues i locauts |x Barcelona |x 1906 |9 25366 | ||
| 901 | |a Arxiu | ||
| 942 | |n 1 | ||
| 952 | |0 0 |1 0 |4 0 |6 M2107 |7 1 |9 43580 |a Arxiu |b Arxiu |d 2016-12-01 |l 0 |o M-2-107 |p 11625 |r 2016-12-01 00:00:00 |w 2016-12-01 |y ARXIU | ||
| 999 | |c 46127 |d 46127 | ||